| 000 | 00537nam a2200169 a 4500 | ||
|---|---|---|---|
| 005 | 20140412111317.0 | ||
| 008 | 001218s19uu xx 00 eng d | ||
| 020 | _a0-307-12607-2 | ||
| 050 |
_aER _bBa31 1990 |
||
| 100 | _aHarris, Jack C. | ||
| 245 |
_aBatman: the case of the sticky finger / _ctext by Jack C. Harris ; illustrated by Al Bigley, Mike De Carlo, and Tad Zar Chow. |
||
| 260 |
_aNew York : _bA Golden Book, _c1990. |
||
| 300 | _a1 v. (unp.) ; ill. | ||
| 650 | _aBatman stories | ||
| 650 | _aAdventures | ||
| 999 |
_c104271 _d104271 |
||